000 00339nam a2200121Ia 4500
008 231129s9999||||xx |||||||||||||| ||spa||
020 _a84-322-4545-3
082 _aBr869.3 F676g
100 _aFonseca Rubem
245 0 _aEl gran arte
264 _aBarcelona EspaƱa : Seix Barral
942 _2ddc
_cBKS
999 _c11161
_d11161